000 00588nam a2200205Ia 4500
001 5438
003 GE_BSU
008 181216s||||||||xx |||||||||||||| ||und||
040 _cGE_BSU
080 _a511.1
100 _aДемидов,. И.Е.
245 _aОснования арифметики
245 _bУчебное пособие для физ-мат. фак-ов педагог. ин-тов
260 _aМосква
260 _bУчпедгиз
260 _c1963
300 _a156 с. 20 см.
653 _aОснования арифметики
942 _cBK
999 _c38977
_d38977